Centroamérica: el macrosistema de servicio civil /

Prediseño de investigación para conocer el macrosistema de servicio civil centroamericano, para adoptar políticas comunes para el istmo. Propone estudiar la problemática del empleo público, su base legal, estructura organizativa, políticas, estrategias, planes y proyectos. REV//jmml

Na minha lista:
Detalhes bibliográficos
Autor principal: Argueta Noriega, Mario Rodolfo
Outros Autores: Batres Villagrán, Ariel Payés Reyes, José Rodolfo Porras Ruano, Augusto Alejandro Villegas González, Ana Lucrecia
Formato: Texto
Tags: Adicionar Tag
Sem tags, seja o primeiro a adicionar uma tag!

MARC

LEADER 00000 a a2200000 04500
001 14080
003
040
100 |a Argueta Noriega, Mario Rodolfo  
245 |a Centroamérica:   |b el macrosistema de servicio civil /  |c Mario Rodolfo Argueta Noriega 
520 |a Prediseño de investigación para conocer el macrosistema de servicio civil centroamericano, para adoptar políticas comunes para el istmo. Propone estudiar la problemática del empleo público, su base legal, estructura organizativa, políticas, estrategias, planes y proyectos. REV//jmml  
700 |a Batres Villagrán, Ariel   |a Payés Reyes, José Rodolfo   |a Porras Ruano, Augusto Alejandro   |a Villegas González, Ana Lucrecia  
773 |g número 30 -31; páginas 261-282  
999 |c 27951  |d 27951